| 000 | 00511nam a22001697a 4500 | ||
|---|---|---|---|
| 003 | NUST - PNEC | ||
| 005 | 20170116181104.0 | ||
| 008 | 151003b xxu||||| |||| 00| 0 eng d | ||
| 020 | _a0808764527 | ||
| 040 | _cLIBRARY | ||
| 082 | _a621.38195 HUS | ||
| 100 |
_912582 _aHussain,D. S. |
||
| 245 |
_aInstructor,s manual to accompany :the computer challenge tecnology, applications, and social implications _cDonna S. Hussain |
||
| 260 | _cc.1986 | ||
| 650 |
_912593 _aComputer challenge _xMIS |
||
| 942 |
_2ddc _cBK |
||
| 999 |
_c68901 _d68901 |
||